[Event "World Senior chT-50 2019"]
[Site "Rhodes"]
[Date "2019.04.16"]
[Round "1.30"]
[White "Fletcher, John"]
[Black "Llanos, Guillermo"]
[Result "0-1"]
[WhiteElo "1974"]
[BlackElo "2293"]
[Annotator "TA"]
[PlyCount "78"]
[EventDate "2019.04.16"]
[EventType "team-tourn"]
[EventCountry "GRE"]
[SourceTitle "playchess.com"]
[Source "ChessBase"]
[SourceQuality "1"]
[WhiteTeam "Wales"]
[BlackTeam "Argentina"]
[WhiteTeamCountry "WLS"]
[BlackTeamCountry "ARG"]

{[%evp 9,77,-43,-39,-51,-39,-59,-60,-74,-60,-73,-68,-76,-55,-144,-145,-120,-143,-89,-79,-134,-122,-135,-94,-87,-76,-126,-75,-176,-98,-99,-36,-74,-74,-77,-71,-70,-77,-150,-135,-163,-173,-164,-156,-194,-172,-184,-181,-208,-198,-201,-174,-171,-168,-231,-245,-244,-224,-241,-237,-354,-348,-336,-356,-567,-552,-2261,-2271,-2170,-2070,-29999]} 1. d4 d5 2. e4 dxe4 3. Nc3 Nf6 4. f3 c5 5. d5 (5. Bb5+ Bd7 6. dxc5 Qa5 7. Qe2 Bxb5 8. Qxb5+ Qxb5 9. Nxb5 Na6 10. Be3 Nd5 11. Bd4 e5 12. Bxe5 Bxc5 {0-1 (35) Mellado Trivino,J (2427)-Sandipan,C (2572) Castell de Sant Ferran 2016}) 5... exf3 6. Nxf3 {D00: 1 d4 d5: Unusual lines} g6 7. Be3 Nbd7 8. Qd2 {Black is slightly better.} Bg7 9. O-O-O O-O 10. Bh6 a6 $146 ({Predecessor:} 10... b5 11. Bxg7 Kxg7 12. Bxb5 Qb6 {1-0 (36) Corvi,M (2301)-Frugoli,F (2206) Montecatini Terme 2011}) 11. h4 ({Better is} 11. Rg1 $15) 11... Bxh6 $17 12. Qxh6 {next Ng5 is good for White.} Ng4 13. Qd2 h5 14. Ne4 (14. Be2 $142) 14... Ndf6 15. Nfg5 Bf5 16. Ng3 Bd7 17. N3e4 Rc8 (17... b5 $142 18. Be2 Bf5) 18. Qf4 {[#]} (18. Be2 $17) 18... Nxe4 (18... Bf5 $1 $19 {White must now prevent ...Nxe4.} 19. Ng3 {[#]} Bxc2 $1 {[%mdl 512]} 20. Kxc2 Nxd5 21. Rxd5 Qxd5) 19. Nxe4 Bf5 ({Black should play} 19... Nf6 $17 20. Bd3 Bg4) 20. Ng3 Qd6 21. Qxd6 exd6 22. Nxf5 gxf5 23. Rd2 (23. Rd3 $142) 23... Rce8 $36 {[%mdl 2048] Hoping for ...Re1+. Black is really pushing.} 24. Be2 Re5 25. Bf3 Rfe8 26. b3 Kg7 27. Kb2 Kg6 28. Rf1 Ne3 29. Rg1 Kh6 30. a4 f4 31. Kc3 (31. Rf2 $142) 31... Nf5 $19 32. Rh1 Re3+ 33. Rd3 b5 34. axb5 (34. Rxe3 {might work better.} Rxe3+ 35. Kb2) 34... axb5 35. Kd2 b4 36. Ra1 (36. Rxe3 $142 fxe3+ 37. Kd3) 36... Nxh4 37. Ra7 Nxf3+ 38. gxf3 Re1 {[%csl Ge1][%cal Re8e2]} 39. Rxf7 R8e2# {Accuracy: White = 30%, Black = 83%.} 0-1

[Event "World Senior chT-50 2019"]
[Site "Rhodes"]
[Date "2019.04.16"]
[Round "1.31"]
[White "Grushka, Carlos"]
[Black "Adams, Mark"]
[Result "1-0"]
[WhiteElo "2251"]
[BlackElo "1971"]
[Annotator "NA"]
[PlyCount "83"]
[EventDate "2019.04.16"]
[EventType "team-tourn"]
[EventCountry "GRE"]
[SourceTitle "playchess.com"]
[Source "ChessBase"]
[SourceQuality "1"]
[WhiteTeam "Argentina"]
[BlackTeam "Wales"]
[WhiteTeamCountry "ARG"]
[BlackTeamCountry "WLS"]
[TimeControl "40/5400+30:1800+30"]

1. d4 {[%emt 0:00:00]} Nf6 {[%emt 0:00:00]} 2. g3 {[%emt 0:00:00]} c5 {[%emt 0:02:15]} 3. d5 {[%emt 0:00:00]} d6 {[%emt 0:00:04]} 4. Bg2 {[%emt 0:00:06]} g6 {[%emt 0:00:08]} 5. Nc3 {[%emt 0:02:34]} Bg7 {[%emt 0:00:17]} 6. Nf3 {[%emt 0:00:17]} O-O {[%emt 0:00:52]} 7. O-O {[%emt 0:00:12]} Na6 {[%emt 0:05:41]} 8. Nd2 {[%emt 0:03:52]} Nc7 {[%emt 0:04:47]} 9. a4 {[%emt 0:00:52]} Bd7 {[%emt 0:05:55]} 10. Nc4 {[%emt 0:01:56]} Rb8 {[%emt 0:07:37]} 11. Re1 {[%emt 0:02:45]} Nfe8 {[%emt 0:15:25]} 12. e4 {[%emt 0:01:50]} e5 {[%emt 0:14:13]} 13. dxe6 {[%emt 0:01:39]} Bxe6 {[%emt 0:02:10]} 14. Nd5 {[%emt 0:00:18]} Nxd5 {[%emt 0:04:52]} 15. exd5 {[%emt 0:00:07]} Bf5 {[%emt 0:04:28]} 16. g4 {[%emt 0:05:06]} Bc8 {[%emt 0:02:33]} 17. Bf4 {[%emt 0:01:01]} b6 {[%emt 0:02:10]} 18. c3 {[%emt 0:05:27]} Ba6 {[%emt 0:03:33]} 19. Bf1 {[%emt 0:02:06]} Bxc4 {[%emt 0:05:19]} 20. Bxc4 {[%emt 0:00:15]} Nc7 {[%emt 0:00:09]} 21. Qf3 {[%emt 0:02:18]} Qd7 {[%emt 0:01:55]} 22. Qg3 {[%emt 0:02:15]} Rfd8 {[%emt 0:02:41]} 23. Re3 {[%emt 0:11:06]} Bf8 {[%emt 0:01:52]} 24. Qh4 {[%emt 0:03:52]} f6 {[%emt 0:09:18]} 25. Qxf6 {[%emt 0:12:06]} Qxg4+ {[%emt 0:00:29]} 26. Rg3 {[%emt 0:02:05]} Qd7 {[%emt 0:00:07]} 27. Re1 {[%emt 0:01:25]} Qf7 {[%emt 0:01:12]} 28. Qg5 {[%emt 0:04:48]} Re8 {[%emt 0:00:04]} 29. Re6 {[%emt 0:01:18]} Nxe6 {[%emt 0:02:35]} 30. dxe6 {[%emt 0:00:09]} Qe7 {[%emt 0:00:08]} 31. Qd5 {[%emt 0:00:52]} Kh8 {[%emt 0:01:03]} 32. Bg5 {[%emt 0:00:55]} Qb7 {[%emt 0:00:09]} 33. Bf6+ {[%emt 0:06:19]} Bg7 {[%emt 0:00:41]} 34. Bxg7+ {[%emt 0:00:50]} Qxg7 {[%emt 0:01:04]} 35. Bb5 {[%emt 0:08:25]} Re7 {[%emt 0:01:01]} 36. Qxd6 {[%emt 0:05:34]} Rf8 {[%emt 0:00:06]} 37. Bc6 {[%emt 0:03:21]} Rf6 {[%emt 0:00:55]} 38. Bd5 {[%emt 0:05:15]} Qf8 {[%emt 0:00:06]} 39. Qe5 {[%emt 0:02:45]} Qg7 {[%emt 0:00:28]} 40. Re3 {[%emt 0:00:00]} Rf5 {[%emt 0:00:00]} 41. Qb8+ {[%emt 0:06:56]} Qf8 {[%emt 0:02:45]} 42. Qxf8+ {[%emt 0:02:28] Rff7 [%emt 00:00:05] Qxe7 Rxe7 [%clk 00:29:49] c4 [%clk 00:25:38] [%emt 00:00:26]} 1-0

[Event "World Senior chT-50 2019"]
[Site "Rhodes"]
[Date "2019.04.16"]
[Round "1.32"]
[White "Hughes, Anthony"]
[Black "Perez Wertheim, Rodolfo"]
[Result "0-1"]
[WhiteElo "1910"]
[BlackElo "1914"]
[Annotator "NA"]
[PlyCount "82"]
[EventDate "2019.04.16"]
[EventType "team-tourn"]
[EventCountry "GRE"]
[SourceTitle "playchess.com"]
[Source "ChessBase"]
[SourceQuality "1"]
[WhiteTeam "Wales"]
[BlackTeam "Argentina"]
[WhiteTeamCountry "WLS"]
[BlackTeamCountry "ARG"]
[TimeControl "40/5400+30:1800+30"]

1. d4 {[%emt 0:00:00]} Nf6 {[%emt 0:00:00]} 2. Nf3 {[%emt 0:00:00]} g6 {[%emt 0:00:41]} 3. g3 {[%emt 0:00:00]} Bg7 {[%emt 0:00:07]} 4. Bg2 {[%emt 0:00:00]} O-O {[%emt 0:02:11]} 5. O-O {[%emt 0:00:04]} d6 {[%emt 0:01:35]} 6. a4 {[%emt 0:00:13]} Nbd7 {[%emt 0:02:45]} 7. a5 {[%emt 0:00:22]} Rb8 {[%emt 0:03:30]} 8. Nc3 {[%emt 0:02:54]} c5 {[%emt 0:16:04]} 9. e4 {[%emt 0:24:38]} cxd4 {[%emt 0:00:20]} 10. Nxd4 {[%emt 0:00:34]} a6 {[%emt 0:01:52]} 11. Be3 {[%emt 0:07:31]} Ne5 {[%emt 0:05:05]} 12. Qe2 {[%emt 0:06:54]} Qc7 {[%emt 0:06:27]} 13. Nd5 {[%emt 0:18:19]} Nxd5 {[%emt 0:00:10]} 14. exd5 {[%emt 0:00:06]} Nc4 {[%emt 0:03:52]} 15. Ra4 {[%emt 0:26:41]} Nxe3 {[%emt 0:01:25]} 16. fxe3 {[%emt 0:01:36]} Bd7 {[%emt 0:00:33]} 17. Qc4 {[%emt 0:01:14]} Qc5 {[%emt 0:04:41]} 18. Rb4 {[%emt 0:01:09]} Qxa5 {[%emt 0:01:37]} 19. Nb3 {[%emt 0:01:00]} Qd8 {[%emt 0:00:54]} 20. Nd4 {[%emt 0:01:59]} b5 {[%emt 0:12:28]} 21. Qa2 {[%emt 0:01:30]} a5 {[%emt 0:03:12]} 22. Rb3 {[%emt 0:00:09]} Bxd4 {[%emt 0:04:58]} 23. exd4 {[%emt 0:00:07]} Qb6 {[%emt 0:00:40]} 24. Rd3 {[%emt 0:00:20]} Rbc8 {[%emt 0:06:38]} 25. Rd2 {[%emt 0:00:21]} Rc4 {[%emt 0:01:09]} 26. c3 {[%emt 0:00:27]} Rfc8 {[%emt 0:02:51]} 27. Rc1 {[%emt 0:00:54]} b4 {[%emt 0:01:17]} 28. Bf1 {[%emt 0:01:25]} bxc3 {[%emt 0:01:03]} 29. bxc3 {[%emt 0:00:38]} Rxc3 {[%emt 0:00:40]} 30. Rb1 {[%emt 0:00:11]} Qa7 {[%emt 0:01:34]} 31. Ra1 {[%emt 0:00:44]} Rc1 {[%emt 0:02:27]} 32. Kf2 {[%emt 0:01:17]} a4 {[%emt 0:00:31]} 33. Ke3 {[%emt 0:00:59]} Qb6 {[%emt 0:03:19]} 34. Bd3 {[%emt 0:01:02]} R8c3 {[%emt 0:02:23]} 35. Rb2 {[%emt 0:00:31]} Qa6 {[%emt 0:01:53]} 36. Rd2 {[%emt 0:00:10]} Rxa1 {[%emt 0:00:42]} 37. Qxa1 {[%emt 0:00:10]} Qc4 {[%emt 0:01:02]} 38. Qb1 {[%emt 0:01:46]} Bf5 {[%emt 0:02:35]} 39. Ke2 {[%emt 0:00:10]} Rxd3 {[%emt 0:00:22]} 40. Rxd3 {[%emt 0:00:00]} a3 {[%emt 0:00:00]} 41. Qb3 {[%emt 0:05:12]} Qxd3+ {[%emt 0:00:57]} 0-1

[Event "World Senior chT-50 2019"]
[Site "Rhodes"]
[Date "2019.04.16"]
[Round "1.33"]
[White "Mitrandzas, Athanasios"]
[Black "Wallner, Joachim"]
[Result "0-1"]
[WhiteElo "2055"]
[BlackElo "2271"]
[Annotator "ChessBase"]
[PlyCount "82"]
[EventDate "2019.04.16"]
[EventType "team-tourn"]
[EventCountry "GRE"]
[SourceTitle "playchess.com"]
[Source "ChessBase"]
[SourceQuality "1"]
[WhiteTeam "Greece"]
[BlackTeam "Austria"]
[WhiteTeamCountry "GRE"]
[BlackTeamCountry "AUT"]
[TimeControl "40/5400+30:1800+30"]

1. c4 {[%emt 0:00:00]} Nf6 {[%emt 0:00:00]} 2. g3 {[%emt 0:00:02]} c6 {[%emt 0:00:24]} 3. Nf3 {[%emt 0:00:32]} d5 {[%emt 0:00:03]} 4. Bg2 {[%emt 0:00:14]} e6 {[%emt 0:01:40]} 5. b3 {[%emt 0:00:52]} Be7 {[%emt 0:00:58]} 6. O-O {[%emt 0:00:20]} O-O {[%emt 0:00:03]} 7. Bb2 {[%emt 0:00:41]} b6 {[%emt 0:02:02]} 8. d3 {[%emt 0:06:47]} Bb7 {[%emt 0:00:56]} 9. Nbd2 {[%emt 0:03:27]} c5 {[%emt 0:02:03]} 10. cxd5 {[%emt 0:06:59]} Nxd5 {[%emt 0:04:25]} 11. d4 {[%emt 0:00:56]} Nd7 {[%emt 0:02:05]} 12. Nc4 {[%emt 0:06:12]} N7f6 {[%emt 0:09:12]} 13. Re1 {[%emt 0:07:35]} b5 {[%emt 0:02:48]} 14. Nce5 {[%emt 0:02:58]} Qb6 {[%emt 0:04:50]} 15. e4 {[%emt 0:04:11]} Nc7 {[%emt 0:01:19]} 16. Qc2 {[%emt 0:05:56]} Na6 {[%emt 0:02:10]} 17. a3 {[%emt 0:03:08]} Rac8 {[%emt 0:00:03]} 18. d5 {[%emt 0:06:58]} Nc7 {[%emt 0:10:30]} 19. Nxf7 {[%emt 0:06:13]} Rxf7 {[%emt 0:00:50]} 20. d6 {[%emt 0:00:07]} Bxd6 {[%emt 0:00:21]} 21. e5 {[%emt 0:00:11]} Be4 {[%emt 0:17:25]} 22. Rxe4 {[%emt 0:04:39]} Nxe4 {[%emt 0:00:04]} 23. exd6 {[%emt 0:00:13]} Nxd6 {[%emt 0:00:08]} 24. Ng5 {[%emt 0:00:16]} Rf5 {[%emt 0:00:12]} 25. h4 {[%emt 0:08:39]} h6 {[%emt 0:07:53]} 26. g4 {[%emt 0:06:38]} hxg5 {[%emt 0:08:24]} 27. gxf5 {[%emt 0:00:07]} Nxf5 {[%emt 0:01:41]} 28. hxg5 {[%emt 0:00:19]} Qd6 {[%emt 0:01:25]} 29. Qe4 {[%emt 0:04:25]} Qd2 {[%emt 0:02:06]} 30. Qb7 {[%emt 0:01:22]} Nd6 {[%emt 0:00:34]} 31. Qc6 {[%emt 0:00:33]} Qxb2 {[%emt 0:00:43]} 32. Rd1 {[%emt 0:00:19]} Nce8 {[%emt 0:00:08]} 33. Qd7 {[%emt 0:00:35]} Qe5 {[%emt 0:01:09]} 34. g6 {[%emt 0:01:42]} Rb8 {[%emt 0:04:32]} 35. Qxa7 {[%emt 0:01:34]} Rd8 {[%emt 0:02:04]} 36. Rd3 {[%emt 0:03:27]} Qf6 {[%emt 0:01:29]} 37. Rf3 {[%emt 0:01:07]} Nf5 {[%emt 0:00:36]} 38. Qxc5 {[%emt 0:00:22]} Qxg6 {[%emt 0:01:28]} 39. Qxb5 {[%emt 0:02:28]} Nf6 {[%emt 0:01:40]} 40. Qb6 {[%emt 0:00:00]} Rd1+ {[%emt 0:00:00]} 41. Kh2 {[%emt 0:01:16]} Ng4+ {[%emt 0:00:14]} 0-1

[Event "World Senior chT-50 2019"]
[Site "Rhodes"]
[Date "2019.04.16"]
[Round "1.34"]
[White "Denk, Adolf"]
[Black "Ilandzis, Spyridon"]
[Result "1/2-1/2"]
[WhiteElo "2255"]
[BlackElo "2021"]
[Annotator "NA"]
[PlyCount "39"]
[EventDate "2019.04.16"]
[EventType "team-tourn"]
[EventCountry "GRE"]
[SourceTitle "playchess.com"]
[Source "ChessBase"]
[SourceQuality "1"]
[WhiteTeam "Austria"]
[BlackTeam "Greece"]
[WhiteTeamCountry "AUT"]
[BlackTeamCountry "GRE"]
[TimeControl "40/5400+30:1800+30"]

1. d4 {[%emt 0:00:00]} Nf6 {[%emt 0:00:00]} 2. Nf3 {[%emt 0:00:00]} c5 {[%emt 0:00:23]} 3. c4 {[%emt 0:00:00]} cxd4 {[%emt 0:00:20]} 4. Nxd4 {[%emt 0:00:00]} e5 {[%emt 0:01:23]} 5. Nb5 {[%emt 0:02:35]} d5 {[%emt 0:00:35]} 6. cxd5 {[%emt 0:00:12]} Bc5 {[%emt 0:00:50]} 7. N5c3 {[%emt 0:04:12]} O-O {[%emt 0:03:51]} 8. e3 {[%emt 0:00:46]} e4 {[%emt 0:00:41]} 9. Be2 {[%emt 0:03:29]} Qe7 {[%emt 0:00:29]} 10. Nd2 {[%emt 0:02:55]} Rd8 {[%emt 0:02:06]} 11. Nb3 {[%emt 0:30:00]} Bb4 {[%emt 0:06:02]} 12. Bd2 {[%emt 0:04:46]} Bxc3 {[%emt 0:04:01]} 13. bxc3 {[%emt 0:02:11]} Nxd5 {[%emt 0:03:26]} 14. Qc2 {[%emt 0:04:31]} Nc6 {[%emt 0:02:35]} 15. O-O {[%emt 0:03:12]} Bf5 {[%emt 0:05:44]} 16. Nd4 {[%emt 0:01:26]} Bg6 {[%emt 0:08:22]} 17. Rab1 {[%emt 0:08:07]} Rac8 {[%emt 0:05:55]} 18. Qa4 {[%emt 0:02:24]} Nb6 {[%emt 0:11:13]} 19. Qb5 {[%emt 0:03:17]} Rd5 {[%emt 0:05:34]} 20. Qb3 {[%emt 0:02:09]} 1/2-1/2

[Event "World Senior chT-50 2019"]
[Site "Rhodes"]
[Date "2019.04.16"]
[Round "1.35"]
[White "Hrisanthopoulos, Dimitrios"]
[Black "Ernst, Michael"]
[Result "1/2-1/2"]
[WhiteElo "1995"]
[BlackElo "2184"]
[Annotator "NA"]
[PlyCount "62"]
[EventDate "2019.04.16"]
[EventType "team-tourn"]
[EventCountry "GRE"]
[SourceTitle "playchess.com"]
[Source "ChessBase"]
[SourceQuality "1"]
[WhiteTeam "Greece"]
[BlackTeam "Austria"]
[WhiteTeamCountry "GRE"]
[BlackTeamCountry "AUT"]
[TimeControl "40/5400+30:1800+30"]

1. e4 {[%emt 0:00:00]} e6 {[%emt 0:00:00]} 2. d4 {[%emt 0:00:00]} d5 {[%emt 0:00:00]} 3. Nc3 {[%emt 0:00:01]} Nf6 {[%emt 0:00:00]} 4. e5 {[%emt 0:00:15]} Nfd7 {[%emt 0:00:00]} 5. f4 {[%emt 0:00:14]} c5 {[%emt 0:00:05]} 6. Nf3 {[%emt 0:00:08]} Nc6 {[%emt 0:00:07]} 7. Be3 {[%emt 0:00:17]} cxd4 {[%emt 0:00:09]} 8. Nxd4 {[%emt 0:00:18]} Bc5 {[%emt 0:00:07]} 9. Qd2 {[%emt 0:00:56]} Bxd4 {[%emt 0:01:01]} 10. Bxd4 {[%emt 0:00:28]} Nxd4 {[%emt 0:00:04]} 11. Qxd4 {[%emt 0:00:20]} Qb6 {[%emt 0:00:05]} 12. Qd2 {[%emt 0:05:20]} a6 {[%emt 0:02:54]} 13. O-O-O {[%emt 0:02:54]} Nc5 {[%emt 0:01:04]} 14. Bd3 {[%emt 0:02:54]} Bd7 {[%emt 0:00:33]} 15. Kb1 {[%emt 0:02:36]} O-O-O {[%emt 0:00:43]} 16. Qf2 {[%emt 0:01:21]} Na4 {[%emt 0:07:14]} 17. Qxb6 {[%emt 0:02:10]} Nxb6 {[%emt 0:00:04]} 18. Ne2 {[%emt 0:00:36]} f6 {[%emt 0:04:14]} 19. Nd4 {[%emt 0:04:02]} h5 {[%emt 0:03:21]} 20. Rhe1 {[%emt 0:02:58]} f5 {[%emt 0:02:37]} 21. Re3 {[%emt 0:12:13]} h4 {[%emt 0:06:06]} 22. b3 {[%emt 0:02:30]} g5 {[%emt 0:02:43]} 23. fxg5 {[%emt 0:02:09]} Rdg8 {[%emt 0:01:20]} 24. Rh3 {[%emt 0:15:57]} Rxg5 {[%emt 0:02:01]} 25. g3 {[%emt 0:00:48]} Rgh5 {[%emt 0:00:44]} 26. Nf3 {[%emt 0:01:49]} hxg3 {[%emt 0:01:04]} 27. Rxg3 {[%emt 0:00:40]} Be8 {[%emt 0:07:13]} 28. Rdg1 {[%emt 0:02:19]} Kd8 {[%emt 0:02:16]} 29. Rg7 {[%emt 0:02:36]} Nd7 {[%emt 0:03:00]} 30. h4 {[%emt 0:02:29]} R5h6 {[%emt 0:02:03]} 31. b4 {[%emt 0:05:56]} Bh5 {[%emt 0:08:11]} 1/2-1/2

[Event "World Senior chT-50 2019"]
[Site "Rhodes"]
[Date "2019.04.16"]
[Round "1.36"]
[White "Kranzl, Peter"]
[Black "Papadimitriou, Loukas"]
[Result "1/2-1/2"]
[WhiteElo "2145"]
[BlackElo "1943"]
[Annotator "ChessBase"]
[PlyCount "61"]
[EventDate "2019.04.16"]
[EventType "team-tourn"]
[EventCountry "GRE"]
[SourceTitle "playchess.com"]
[Source "ChessBase"]
[SourceQuality "1"]
[WhiteTeam "Austria"]
[BlackTeam "Greece"]
[WhiteTeamCountry "AUT"]
[BlackTeamCountry "GRE"]
[TimeControl "40/5400+30:1800+30"]

1. e4 {[%emt 0:00:00]} e5 {[%emt 0:00:00]} 2. Nf3 {[%emt 0:00:00]} Nf6 {[%emt 0:00:00]} 3. Nxe5 {[%emt 0:00:17]} d6 {[%emt 0:00:00]} 4. Nd3 {[%emt 0:00:36]} Nxe4 {[%emt 0:00:00]} 5. Qe2 {[%emt 0:00:38]} Qe7 {[%emt 0:00:16]} 6. b3 {[%emt 0:05:55]} Bf5 {[%emt 0:05:59]} 7. Bb2 {[%emt 0:02:18]} Nd7 {[%emt 0:00:07]} 8. Na3 {[%emt 0:02:48]} O-O-O {[%emt 0:05:03]} 9. O-O-O {[%emt 0:02:35]} Nef6 {[%emt 0:05:01]} 10. f3 {[%emt 0:14:29]} Qxe2 {[%emt 0:01:05]} 11. Bxe2 {[%emt 0:00:06]} h5 {[%emt 0:03:37]} 12. Nc4 {[%emt 0:06:00]} Be7 {[%emt 0:06:13]} 13. Ne3 {[%emt 0:06:03]} Bh7 {[%emt 0:01:15]} 14. Nf4 {[%emt 0:06:35]} c6 {[%emt 0:01:13]} 15. h4 {[%emt 0:04:26]} Rhe8 {[%emt 0:01:04]} 16. Bd3 {[%emt 0:03:11]} Bxd3 {[%emt 0:00:15]} 17. Nxd3 {[%emt 0:00:05]} g6 {[%emt 0:01:03]} 18. Rdf1 {[%emt 0:04:58]} d5 {[%emt 0:13:52]} 19. g4 {[%emt 0:04:43]} Bd6 {[%emt 0:00:25]} 20. g5 {[%emt 0:00:19]} Ng8 {[%emt 0:00:07]} 21. f4 {[%emt 0:02:07]} Nc5 {[%emt 0:29:25]} 22. Nxc5 {[%emt 0:04:05]} Bxc5 {[%emt 0:00:04]} 23. f5 {[%emt 0:01:20]} d4 {[%emt 0:03:01]} 24. Ng2 {[%emt 0:01:37]} Ne7 {[%emt 0:00:25]} 25. fxg6 {[%emt 0:00:15]} fxg6 {[%emt 0:01:16]} 26. Rf6 {[%emt 0:04:59]} Nd5 {[%emt 0:06:33]} 27. Rxg6 {[%emt 0:01:23]} Re2 {[%emt 0:01:31]} 28. Ne1 {[%emt 0:00:56]} Bb4 {[%emt 0:00:46]} 29. Nd3 {[%emt 0:06:48]} Bxd2+ {[%emt 0:00:18]} 30. Kb1 {[%emt 0:04:31]} Ne7 {[%emt 0:00:05]} 31. Rf6 1/2-1/2

[Event "World Senior chT-50 2019"]
[Site "Rhodes"]
[Date "2019.04.16"]
[Round "1.37"]
[White "Strutinskaia, Galina"]
[Black "Zimmermann, Rolf"]
[Result "1/2-1/2"]
[WhiteElo "2208"]
[BlackElo "2086"]
[Annotator "NA"]
[PlyCount "156"]
[EventDate "2019.04.16"]
[EventType "team-tourn"]
[EventCountry "GRE"]
[SourceTitle "playchess.com"]
[Source "ChessBase"]
[SourceQuality "1"]
[WhiteTeam "Russia"]
[BlackTeam "Germany"]
[WhiteTeamCountry "RUS"]
[BlackTeamCountry "GER"]
[TimeControl "40/5400+30:1800+30"]

1. d4 {[%emt 0:00:00]} d5 {[%emt 0:00:00]} 2. c4 {[%emt 0:00:00]} e6 {[%emt 0:00:00]} 3. Nf3 {[%emt 0:00:32]} Nf6 {[%emt 0:00:16]} 4. g3 {[%emt 0:00:27]} Be7 {[%emt 0:02:30]} 5. Bg2 {[%emt 0:00:06]} O-O {[%emt 0:00:12]} 6. O-O {[%emt 0:00:18]} c6 {[%emt 0:04:23]} 7. Qc2 {[%emt 0:04:30]} b6 {[%emt 0:05:50]} 8. b3 {[%emt 0:04:33]} Bb7 {[%emt 0:00:22]} 9. Nc3 {[%emt 0:05:01]} Nbd7 {[%emt 0:01:16]} 10. cxd5 {[%emt 0:01:49]} cxd5 {[%emt 0:02:44]} 11. Bf4 {[%emt 0:01:36]} Rc8 {[%emt 0:00:14]} 12. Qb2 {[%emt 0:00:25]} Nh5 {[%emt 0:09:51]} 13. Bd2 {[%emt 0:02:20]} Bd6 {[%emt 0:00:07]} 14. Nb5 {[%emt 0:02:14]} Bb8 {[%emt 0:01:31]} 15. Bb4 {[%emt 0:00:51]} Re8 {[%emt 0:00:02]} 16. Nd6 {[%emt 0:00:25]} Bxd6 {[%emt 0:00:11]} 17. Bxd6 {[%emt 0:00:05]} Rc6 {[%emt 0:00:51]} 18. Ba3 {[%emt 0:03:01]} Qa8 {[%emt 0:00:45]} 19. Rfd1 {[%emt 0:02:22]} Rec8 {[%emt 0:02:01]} 20. Qd2 {[%emt 0:05:20]} Nhf6 {[%emt 0:01:48]} 21. Qf4 {[%emt 0:03:06]} Ne4 {[%emt 0:13:40]} 22. Bf1 {[%emt 0:06:05]} Ba6 {[%emt 0:03:21]} 23. Bb4 {[%emt 0:11:16]} Qb8 {[%emt 0:15:02]} 24. Qxb8 {[%emt 0:04:04]} Rxb8 {[%emt 0:00:27]} 25. Ne1 {[%emt 0:02:16]} Rbc8 {[%emt 0:01:09]} 26. a4 {[%emt 0:00:49]} Bb7 {[%emt 0:13:24]} 27. f3 {[%emt 0:03:04]} Nd6 {[%emt 0:05:03]} 28. Kf2 {[%emt 0:01:02]} a5 {[%emt 0:00:15]} 29. Bd2 {[%emt 0:00:58]} Ba6 {[%emt 0:00:03]} 30. g4 {[%emt 0:02:03]} f6 {[%emt 0:00:45]} 31. Rdc1 {[%emt 0:03:41]} Rxc1 {[%emt 0:00:03]} 32. Rxc1 {[%emt 0:00:05]} Rxc1 {[%emt 0:00:14]} 33. Bxc1 {[%emt 0:00:01]} Kf7 {[%emt 0:01:06]} 34. Ba3 {[%emt 0:00:32]} Nc8 {[%emt 0:00:55]} 35. h4 {[%emt 0:01:03]} Nb8 {[%emt 0:00:47]} 36. Bg2 {[%emt 0:02:21]} b5 {[%emt 0:00:47]} 37. e4 {[%emt 0:01:50]} b4 {[%emt 0:00:21]} 38. Bc1 {[%emt 0:00:50]} Nc6 {[%emt 0:03:54]} 39. Ke3 {[%emt 0:01:33]} Nd6 {[%emt 0:00:20]} 40. Bb2 {[%emt 0:00:00]} Ne7 {[%emt 0:00:00]} 41. h5 {[%emt 0:05:36]} g6 {[%emt 0:03:38]} 42. hxg6+ {[%emt 0:02:42]} hxg6 {[%emt 0:00:02]} 43. Nd3 {[%emt 0:03:14]} Bxd3 {[%emt 0:04:59]} 44. Kxd3 {[%emt 0:00:01]} g5 {[%emt 0:01:38]} 45. Bf1 {[%emt 0:01:43]} Nb7 {[%emt 0:05:07]} 46. Bc1 {[%emt 0:00:44]} Nd8 {[%emt 0:01:36]} 47. Be3 {[%emt 0:03:33]} Ndc6 {[%emt 0:01:11]} 48. Kd2 {[%emt 0:00:52]} Ng6 {[%emt 0:02:29]} 49. Ba6 {[%emt 0:01:14]} Nge7 {[%emt 0:01:56]} 50. Bb5 {[%emt 0:01:24]} Kg6 {[%emt 0:00:24]} 51. Bf2 {[%emt 0:01:20]} Kf7 {[%emt 0:01:24]} 52. Kd3 {[%emt 0:00:40]} Kg6 {[%emt 0:05:06]} 53. Bg3 {[%emt 0:00:57]} Kf7 {[%emt 0:00:38]} 54. Bc7 {[%emt 0:01:29]} Kg6 {[%emt 0:02:50]} 55. Ke3 {[%emt 0:02:04]} f5 {[%emt 0:06:04]} 56. Bd6 {[%emt 0:04:22]} f4+ {[%emt 0:01:48]} 57. Kd3 {[%emt 0:00:06]} Kf7 {[%emt 0:00:21]} 58. Bc5 {[%emt 0:04:09]} Kf6 {[%emt 0:00:49]} 59. Kd2 {[%emt 0:01:28]} Kf7 {[%emt 0:00:07]} 60. Bd3 {[%emt 0:08:52]} Kf6 {[%emt 0:00:53]} 61. Ba6 {[%emt 0:01:04]} Kf7 {[%emt 0:00:31]} 62. Kd3 {[%emt 0:02:33]} Ke8 {[%emt 0:00:53]} 63. Bd6 {[%emt 0:02:11]} Kf7 {[%emt 0:01:19]} 64. Bb7 {[%emt 0:00:53]} Kf6 {[%emt 0:00:30]} 65. Bc7 {[%emt 0:02:20]} Kf7 {[%emt 0:00:35]} 66. Be5 {[%emt 0:00:31]} Kg6 {[%emt 0:00:25]} 67. Bc7 {[%emt 0:05:49]} Kf7 {[%emt 0:00:18]} 68. Bd6 {[%emt 0:00:13]} Kf6 {[%emt 0:00:26]} 69. Ba6 {[%emt 0:00:43]} Kf7 {[%emt 0:00:16]} 70. Bb5 {[%emt 0:01:00]} Kf6 {[%emt 0:00:23]} 71. Bc5 {[%emt 0:00:46]} Kf7 {[%emt 0:00:10]} 72. Bb6 {[%emt 0:05:55]} Kf6 {[%emt 0:00:29]} 73. Bc7 {[%emt 0:00:08]} Kf7 {[%emt 0:00:44]} 74. Bd6 {[%emt 0:00:08]} Kf6 {[%emt 0:00:26]} 75. Bc5 {[%emt 0:00:50]} Kf7 {[%emt 0:00:20]} 76. Bd6 {[%emt 0:01:11]} Kf6 {[%emt 0:00:12]} 77. Bc7 {[%emt 0:00:03]} Kf7 {[%emt 0:00:17]} 78. Be5 {[%emt 0:00:16]} Kg6 {[%emt 0:00:48]} 1/2-1/2